Detalles MARC
| 000 -CABECERA |
| campo de control de longitud fija |
01360cam a2200301 i 4500 |
| 001 - NÚMERO DE CONTROL |
| campo de control |
16140 |
| 003 - IDENTIFICADOR DEL NÚMERO DE CONTROL |
| campo de control |
DO-SdUEMH |
| 005 - FECHA Y HORA DE LA ÚLTIMA TRANSACCIÓN |
| campo de control |
20260109200149.0 |
| 007 - CAMPO FIJO DE DESCRIPCIÓN FÍSICA--INFORMACIÓN GENERAL |
| campo de control de longitud fija |
ta |
| 008 - DATOS DE LONGITUD FIJA--INFORMACIÓN GENERAL |
| campo de control de longitud fija |
211105s2008 dr a|||gr|||| 000 0 spa|d |
| 020 ## - NÚMERO INTERNACIONAL ESTÁNDAR DEL LIBRO |
| Número Internacional Estándar del Libro |
9789945861358 |
| 040 ## - FUENTE DE LA CATALOGACIÓN |
| Centro catalogador/agencia de origen |
DO-SdUEMH |
| Lengua de catalogación |
spa |
| Normas de descripción |
rda |
| 041 ## - CÓDIGO DE LENGUA |
| Código de lengua del texto/banda sonora o título independiente |
spa |
| 082 14 - NÚMERO DE LA CLASIFICACIÓN DECIMAL DEWEY |
| Colección |
Colección Dominicana |
| Número de clasificación |
RD305.8044 P438C |
| Número de documento/Ítem |
P438c |
| 084 ## - OTRO NÚMERO DE CLASIFICACIÓN |
| Item number |
18-00004 |
| 100 ## - ENTRADA PRINCIPAL--NOMBRE DE PERSONA |
| Nombre de persona |
PEREZ CABRAL, PEDRO ANDRES |
| Término indicativo de función/relación |
autor |
| 245 30 - MENCIÓN DE TÍTULO |
| Título |
La comunidad mulata: el caso socio-político de la República Dominicana / |
| Mención de responsabilidad, etc. |
Pedro Andrés Pérez Cabral |
| 260 ## - PUBLICACIÓN, DISTRIBUCIÓN, ETC. |
| Date of publication, distribution, etc. |
2008 |
| 264 01 - PRODUCCIÓN, PUBLICACIÓN, DISTRIBUCIÓN, FABRICACIÓN Y COPYRIGHT |
| Lugar de producción, publicación, distribución, fabricación |
Santo Domingo, República Dominicana : |
| Nombre del de productor, editor, distribuidor, fabricante |
Sociedad Dominicana de Bibliófilos, |
| Fecha de producción, publicación, distribución, fabricación o copyright |
2008 |
| 264 #4 - PRODUCCIÓN, PUBLICACIÓN, DISTRIBUCIÓN, FABRICACIÓN Y COPYRIGHT |
| Fecha de producción, publicación, distribución, fabricación o copyright |
©2000 |
| 300 ## - DESCRIPCIÓN FÍSICA |
| Extensión |
348 páginas ; |
| Otras características físicas |
ilustraciones : |
| Dimensiones |
23 cm. |
| 336 ## - TIPO DE CONTENIDO |
| Fuente |
rdacontent |
| Término de tipo de contenido |
texto |
| Código de tipo de contenido |
txt |
| 337 ## - TIPO DE MEDIO |
| Fuente |
rdamedia |
| Nombre del tipo de medio |
sin mediación |
| Código del tipo de medio |
n |
| 338 ## - TIPO DE SOPORTE |
| Fuente |
rdacarrier |
| Nombre del tipo de soporte |
volumen |
| Código del tipo de soporte |
nc |
| 505 #1 - NOTA DE CONTENIDO CON FORMATO |
| Nota de contenido con formato |
Dos palabras -- La negociación de los valores -- La defensa social abierta -- El gran miedo y la haitianofobia -- La mulatización en Santo Domingo -- Complejo, insularidad y desvinculación telúrica -- Blancofilia y servilismo -- La tiranía y el imperio -- La corrupción normalizada -- El problema minoritario -- El quantum minoritario -- La subminoría nacional -- La jerarquía de los factores sociales -- Las cuatro vallas -- Conclusiones -- Epílogo. |
| 942 ## - ELEMENTOS DE PUNTO DE ACCESO ADICIONAL (KOHA) |
| Fuente del sistema de clasificación o colocación |
Dewey Decimal Classification |
| Tipo de ítem Koha |
Libro |
| Suprimir en OPAC |
No |